000 00736nam a2200217Ia 4500
003 GCL
008 140319s9999 xx 000 0 ara d
040 _aGCL /
_cGCL
082 0 4 _a822.009
_bه و
100 1 _aسعد عبدالعزيز
245 1 0 _aوليم فوكنر (هدية من الاديب عبدالفتاح الجمل) /
_cسعد عبدالعزيز
700 1 _aهاو, ارفنج
700 1 _aعثمان نويه
300 _a287 ص
490 _aالهيئة العامة للاستعلامات
_v0
650 0 4 _aالادب الامريكى
650 0 4 _aالقصص الامريكية - تاريخ ونقد
650 0 4 _aالادباء الامريكيون
650 0 4 _aوليم فوكنر
942 _2ddc
_cBK
999 _c47500
_d47500